000 00748cab a2200241 4500
001 ABS67501
008 040302n2004 000 0 eng u
035 _a(Sirsi) u125297
245 _aFocus 2: Hertfordshire
260 _c2004
490 _aEstates Gazette
_v(0407) 14 February 2004, 91-105(11)
590 _aABS
650 _aHERTFORDSHIRE
650 _aWATFORD
650 _aHEMEL HEMPSTEAD
650 _aBISHOPS STORTFORD
650 _aSTEVENAGE
650 _aPROPERTY-COMMERCIAL PROPERTY-OFFICE PROPERTY-OFFICE PROPERTY MARKET
650 _aPROPERTY-COMMERCIAL PROPERTY-RETAIL PROPERTY-RETAIL PROPERTY MARKET
650 _aINDUSTRIAL MARKET
690 _aPROPERTY-COMMERCIAL PROPERTY-COMMERCIAL PROPERTY MARKET
942 _n0
999 _c74212
_d74212